| 000 | 00837nam a2200277 a 4500 | ||
|---|---|---|---|
| 001 | 19165 | ||
| 003 | BD-RjUL | ||
| 005 | 20211209000407.0 | ||
| 008 | 140223s1983 nyu b 001 1 eng | ||
| 020 | _a0393952428 | ||
| 035 | _a(BD-RjUL)19223 | ||
| 040 |
_dBD-RjUL _aCStRLIN _beng _cCStRLIN |
||
| 041 | _aeng | ||
| 082 | 0 |
_a821.008 _219 _bALN 1983 |
|
| 100 | 1 |
_aAllison, Alexander W. _958967 |
|
| 245 | 1 | 4 |
_aThe Norton anthology of poetry / _cAlexander W. Allison ... [et al.] ; with an essay on ver[s]ification by Jon Stallworthy. |
| 250 | _a3rd ed. | ||
| 260 |
_aNew York : _bNorton, _cc1983. |
||
| 300 |
_aliii, 1452 p. ; _c24 cm. |
||
| 504 | _aBibliography: p. 1422. | ||
| 504 | _aIncludes indexes. | ||
| 650 | 0 |
_aEnglish poetry. _958968 |
|
| 650 | 0 |
_aAmerican poetry. _958969 |
|
| 942 |
_2ddc _cBK |
||
| 999 |
_c19165 _d19165 |
||